<?xml version="1.0" encoding="UTF-8"?>
<record
    xmlns:xsi="http://www.w3.org/2001/XMLSchema-instance"
    xsi:schemaLocation="http://www.loc.gov/MARC21/slim http://www.loc.gov/standards/marcxml/schema/MARC21slim.xsd"
    xmlns="http://www.loc.gov/MARC21/slim">

  <leader>00757nam a2200217 a 4500</leader>
  <controlfield tag="001">BRCA_1421</controlfield>
  <controlfield tag="005">20190320203423.0</controlfield>
  <controlfield tag="008">960424s1996    mx-a---###---#000-0#spa-#</controlfield>
  <datafield tag="020" ind1=" " ind2=" ">
    <subfield code="a">9687377143</subfield>
  </datafield>
  <datafield tag="041" ind1=" " ind2=" ">
    <subfield code="a">spaeng</subfield>
  </datafield>
  <datafield tag="050" ind1=" " ind2="4">
    <subfield code="a">NK844</subfield>
    <subfield code="b">.M66 1996</subfield>
  </datafield>
  <datafield tag="100" ind1="1" ind2=" ">
    <subfield code="a">Monsiv&#xE1;is, Carlos</subfield>
    <subfield code="d">1938-</subfield>
    <subfield code="9">109</subfield>
  </datafield>
  <datafield tag="245" ind1="1" ind2="0">
    <subfield code="a">Belleza y poes&#xED;a en el arte popular mexicano</subfield>
    <subfield code="c">Carlos Monsiv&#xE1;is, Fernando del Paso y Jos&#xE9; Emilio Pacheco.</subfield>
  </datafield>
  <datafield tag="260" ind1=" " ind2=" ">
    <subfield code="a">M&#xE9;xico</subfield>
    <subfield code="b">Circuito Art&#xED;stico Regional Zona Centro</subfield>
    <subfield code="c">1996</subfield>
  </datafield>
  <datafield tag="300" ind1=" " ind2=" ">
    <subfield code="a">281 p.</subfield>
    <subfield code="b">il. (algunas a color)</subfield>
    <subfield code="c">29 cm.</subfield>
  </datafield>
  <datafield tag="546" ind1=" " ind2=" ">
    <subfield code="a">Texto en: espa&#xF1;ol e ingl&#xE9;s</subfield>
  </datafield>
  <datafield tag="650" ind1="1" ind2="4">
    <subfield code="a">Arte popular</subfield>
    <subfield code="x">Temas, motivos</subfield>
    <subfield code="z">M&#xE9;xico</subfield>
    <subfield code="9">4645</subfield>
  </datafield>
  <datafield tag="700" ind1="1" ind2=" ">
    <subfield code="a">Paso, Fernando del</subfield>
    <subfield code="d">1935-</subfield>
    <subfield code="9">4646</subfield>
  </datafield>
  <datafield tag="700" ind1="1" ind2=" ">
    <subfield code="a">Pacheco, Jos&#xE9; Emilio</subfield>
    <subfield code="9">4647</subfield>
  </datafield>
  <datafield tag="942" ind1=" " ind2=" ">
    <subfield code="2">lcc</subfield>
    <subfield code="c">B</subfield>
  </datafield>
  <datafield tag="999" ind1=" " ind2=" ">
    <subfield code="c">1283</subfield>
    <subfield code="d">1283</subfield>
  </datafield>
  <datafield tag="952" ind1=" " ind2=" ">
    <subfield code="0">0</subfield>
    <subfield code="1">0</subfield>
    <subfield code="4">0</subfield>
    <subfield code="7">0</subfield>
    <subfield code="a">BRCA</subfield>
    <subfield code="b">BRCA</subfield>
    <subfield code="d">2008-06-26</subfield>
    <subfield code="l">0</subfield>
    <subfield code="o">NK844 .M66 1996</subfield>
    <subfield code="p">01948</subfield>
    <subfield code="r">2019-03-22 00:00:00</subfield>
    <subfield code="w">2019-03-22</subfield>
    <subfield code="y">B</subfield>
  </datafield>
</record>
